| 000 | 00614nam a22001937i 4500 | ||
|---|---|---|---|
| 999 |
_c23560 _d23560 |
||
| 003 | AR-CdUCM | ||
| 008 | 260330b20232023pe a|||| |||| 00| 0 spa d | ||
| 020 | _a978-612-48232-3-7 | ||
| 040 |
_aMUNICIPALIDAD PROVINCIAL DEL CUSCO _cBIBLIOTECA MUNICIPAL DEL CUSCO |
||
| 041 | _hspa | ||
| 082 |
_aPI / 863 _bM81 |
||
| 100 |
_aMolinero, Vanetty y Solinka _952411 |
||
| 245 |
_a¡Cuac, cuac, cuac! : _bA los patitos les gusta nadar / |
||
| 260 |
_aPerú : _bNara Learning E.I.R.L. _c2023 |
||
| 300 |
_a35 páginas. : _c21x15 cm. |
||
| 856 | _fwww.naralearning.com | ||
| 942 |
_2ddc _cLIBROS |
||
| 945 |
_aesh _d30-03-2026 |
||